| 000 | 00963nam a22003137a 4500 | ||
|---|---|---|---|
| 003 | CHAP | ||
| 005 | 20220817042502.0 | ||
| 008 | 971013s1971 r 00010 d | ||
| 010 | _a46021 | ||
| 011 | _a46993 | ||
| 035 | _a51134 | ||
| 040 | _cCHAP | ||
| 082 |
_a333.016 _bF36 1945-70 |
||
| 110 | _aFAO | ||
| 245 |
_aReforma agraria _b: bibliografía anotada. Publicaciones de la FAO 1945-Abril 1970 |
||
| 260 |
_aRoma : _bFAO, _c1971 |
||
| 300 | _apag. varía | ||
| 490 |
_aDC/Sp. _v; 20 |
||
| 590 |
_aBATCH-UPD _b10 _c20130109 _lUCH01 _h2309 |
||
| 590 |
_aBATCH-UPD _b10 _c20130110 _lUCH01 _h2149 |
||
| 590 |
_aBATCH-UPD _b10 _c20130409 _lUCH01 _h1826 |
||
| 590 |
_aBATCH-UPD _b10 _c20130914 _lUCH01 _h1625 |
||
| 590 |
_aCONVERSION _b10 _c20130109 _lUCH01 _h1325 |
||
| 650 | 1 | 4 |
_aReforma agraria _xBibliografía. _995526 |
| 830 | 0 |
_aDC/Sp. _v; 20 _931362 |
|
| 901 | _aBK | ||
| 942 | _cLIBRO | ||
| 949 |
_a333.016 F36 1945-70 _bBC _cFAO _d-114569 _eFAO1 _h15443 _i51134 _si |
||
| 999 |
_c46021 _d46021 |
||